Responses for Show #7669 - Thursday, January 4, 2018

Contestants

[<< previous game]

Meghan Whalen, a marketing specialist from Chicago, Illinois

Sean Sullivan, a financial adviser from Verona, New Jersey

Steph Bundy, a summer camp director from Oak Park, California (whose 1-day cash winnings total $18,801)

[next game >>]

Jeopardy! Round responses

AROUND THE SOUTH
AT THE YARD SALE
PAINT MISS, BEHAVING
CLICHES MADE FANCY
HELP! TV POLICE!
FAUX PAS
    $200 20
Alabama

Steph
    $200 13
a tutu

Triple Stumper
    $200 21
Whistler

Sean
    $200 1
fit as a fiddle

Steph
    $200 4
Law & Order

Meghan
    $200 8
Labor Day

Steph
    $400 26
(Steph: What is Gracie Mansion?)
...
(Alex: Gracie Mansion is New York City's residence of the mayor.)
[The end-of-round signal sounds.]

Graceland

StephSean
    $400 14
IKEA

Steph
    $400 22
the Mona Lisa

Steph
    $400 2
when life gives you lemons, make lemonade

Steph
    $400 5
Chief (Clancy) Wiggum

Meghan
    $400 9
her age

Steph
    $600 16
Wicked

Steph
    $600 23
Flora

Triple Stumper
    $600 3
a horse of a different color

Meghan
    $600 6
(Steph: Who is Ted Danson?)

Woody Harrelson

StephMeghan
    $600 10
sunglasses

Meghan
    $800 18
(Meghan: What is "A Modest Proposal"?)

Gulliver's Travels

SeanMeghan
    $1,500 24
(Steph: Who is... Kandinsky?)
...
(Alex: Less than a minute now.)

Marc Chagall

Steph
    $800 15
(Sean: What is not enough room to swing a cat?)
(Alex: That's it.)
(Sean: Dead cat.)
(Alex: Dead cat or a cat. We'd've accepted either one.)

not enough room to swing a (dead) cat

Sean
    $800 7
Leslie Nielsen

Sean
    $800 11
the bouquet and the garter

Steph
    $1000 19
Mjolnir

Sean
    $1000 25
Francois Boucher

Triple Stumper
    $1000 17
a tower of strength

Triple Stumper
    $1000 12
(Meghan: What's a kiss?)
(Sean: What's a massage?)
(Alex: Mm...)
(Sean: What is [*]?)
(Alex: That's it, yes.)
(Sean: Neck rub.)
(Alex: Back rub. Neck rub.)

a shoulder massage

SeanMeghan

Scores at the first commercial break (after clue 15):

Steph Sean Meghan
$1,800 $2,600 $1,400

Scores at the end of the Jeopardy! Round:

Steph Sean Meghan
$1,100 $5,000 $600

Double Jeopardy! Round responses

THE MEH DECADE
SCIENCE STUFF
IN THE DICTIONARY
"B" MOVIES
GOVERNMENT AROUND THE WORLD
FOE PA
    $400 6
the '50s

Sean
    $400 22
moths and butterflies

Steph
    $400 12
karma

Sean
    $400 1
Bridesmaids

Steph
    $400 13
(Steph: What is congress?)

parliament

StephSean
    $400 7
Catherine

Meghan
    $800 23
(Meghan: What is China?)

Japan

SeanMeghan
    $800 26
krypton

Steph
    $800 15
hunt and peck

Sean
    $800 2
Beverly Hills Cop

Sean
    $800 14
chairman

Steph
    $800 8
Tywin Lannister

Steph
    $1200 24
(Sean: What is the 19-teens?)
(Steph: What is the 19-tens?)
(Meghan: What are the 1920s?)

the 1900s

StephSeanMeghan
Triple Stumper
    $1200 27
the corona

Sean
    $1200 19
dance

Sean
    $1200 3
Birdman

Sean
    $1200 16
the Bundestag

Triple Stumper
    $1200 9
the Great Santini

Triple Stumper
    $3,000 25
(Alex: [Before Sean wagers] Less than a minute to go now.)

the Great Awakening

Sean
    $1600 28
[The end-of-round signal sounds.]

the Big Bang

Sean
    $1600 20
eels

Triple Stumper
    $1600 4
The Boys from Brazil

Sean
    $1600 17
Atomic Energy Commission

Sean
    $2,300 10
Room

Steph
    $2000 21
a talisman

Triple Stumper
    $2000 5
Barbarella

Meghan
    $2000 18
South Sudan

Meghan
    $2000 11
Matilda

Steph

Scores at the end of the Double Jeopardy! Round:

Steph Sean Meghan
$7,000 $18,800 $3,000
(lock game)

[wagering suggestions for these scores]

Final Jeopardy! Round responses

CARS
(Alex: The year should've been a big help to you on this one.)
...
(Alex: [To Meghan] And the fleur-de-lis reference to the French.)
MeghanWhat is a Chevy Corvette?
$3,000
StephWhat is Chitty Chitty Bang Bang?
$3,000
SeanWhat is a LeSabre GTO?
$3,800
a Chevrolet Corvette

Final scores:

Steph Sean Meghan
$4,000 $15,000 $6,000
3rd place: $1,000 New champion: $15,000 2nd place: $2,000

Game dynamics:

Coryat scores:

Steph Sean Meghan
$7,800 $17,400 $3,000
16 R
(including 1 DD),
5 W
(including 1 DD)
20 R
(including 1 DD),
1 W
8 R,
4 W

Combined Coryat: $28,200

[game clues] [game scores] [suggest correction]

Game tape date: 2017-10-24
The J! Archive is created by fans, for fans. Scraping, republication, monetization, and malicious use prohibited; this site may use cookies and collect identifying information. See terms. The Jeopardy! game show and all elements thereof, including but not limited to copyright and trademark thereto, are the property of Jeopardy Productions, Inc. and are protected under law. This website is not affiliated with, sponsored by, or operated by Jeopardy Productions, Inc. Join the discussion at JBoard.tv.